| 000 | 00367nam a2200121Ia 4500 | ||
|---|---|---|---|
| 008 | 241015s9999 xx 000 0 und d | ||
| 041 | _aeng | ||
| 082 | _a658.8342 SCH | ||
| 100 | _aSchotanus, Patrick | ||
| 245 | _aThe Market Mind Hypothesis Understanding Markets And Minds Through Cognitive Economics | ||
| 260 |
_bDe Gruyter _aBoston _c2023 |
||
| 300 | _a426;. P. 23 cm | ||
| 999 |
_c41679 _d41679 |
||